|
|
|
|
| LEADER |
00000nam a22000007a 4500 |
| 005 |
20130304175315.0 |
| 007 |
cr|||| |||| |
| 008 |
130304e 2011sp |||||s|||| 00||0 spa d |
| 020 |
|
|
|a 978-84-9948-647-5
|
| 035 |
|
|
|a 7373
|
| 040 |
|
|
|a vLex
|
| 090 |
|
|
|c 3824
|d 3824
|
| 100 |
1 |
0 |
|a Avilš Gm̤ez, Manuel
|
| 245 |
1 |
3 |
|a El enriquecimiento ilc̕ito
|h [Recurso electrn̤ico]
|c / Manuel Avilš Gm̤ez
|
| 256 |
|
|
|a Acceso restringido
|
| 260 |
|
|
|a Alicante :
|b Editorial Club Universitario,
|c 2011
|
| 300 |
|
|
|a 1 Recurso electrn̤ico
|
| 506 |
|
|
|d vLex Global
|d vLex Global (Academic Edition, excluding Law Schools)
|d vLex Global (U.S. Academic Edition, Law Schools)
|d vLex Global (U.S. Academic Edition, excluding Law Schools)
|d vLex Global (Academic Edition, Law Schools)
|
| 650 |
0 |
4 |
|a Crimonologa̕
|
| 650 |
0 |
4 |
|a Delitos econm̤icos
|
| 650 |
0 |
4 |
|a Delitos de cuello blanco
|
| 740 |
|
|
|a vLex Libros (Servicio en ln̕ea)
|
| 856 |
|
|
|a Acceso restringido
|u http://www.vlex.com/source/7373
|
| 942 |
|
|
|c BOOK
|
| 999 |
|
0 |
|a Criminology
|